Learning to read : the never-ending debate (Record no. 71849)

MARC details
000 -CABECERA
campo de control de longitud fija 00664nam a2200241 a 4500
005 - FECHA Y HORA DE LA ÚLTIMA TRANSACCIÓN
campo de control 20210219153236.0
008 - ELEMENTOS DE LONGITUD FIJA--INFORMACIÓN GENERAL
campo de control de longitud fija 991125n 000 0 u
035 ## - NÚMERO DE CONTROL DEL SISTEMA
Número de control de sistema UPN01000085348
100 ## - ASIENTO PRINCIPAL--NOMBRE PERSONAL
Nombre de persona Smith, Frank
222 ## - TÍTULO CLAVE
Título clave PHI DELTA KAPPAN
245 ## - MENCIÓN DE TÍTULO
Título Learning to read : the never-ending debate
300 ## - DESCRIPCIÓN FÍSICA
Extensión 432-441
362 ## - FECHAS DE PUBLICACIÓN Y/O DESIGNACIÓN SECUENCIAL
Fecha de publicación y/o designación secuencial 73, No. 6, 1992
505 ## - NOTA DE CONTENIDO CON FORMATO PREESTABLECIDO
Nota de contenido con formato Junio 1992
653 0# - TERMINO DE INDIZACION - NO CONTROLADO
Término no controlado APROXIMACION AL LENGUAJE EN GENERAL
653 0# - TERMINO DE INDIZACION - NO CONTROLADO
Término no controlado EFICACIA DEL MAESTRO
653 0# - TERMINO DE INDIZACION - NO CONTROLADO
Término no controlado FONICOS
653 0# - TERMINO DE INDIZACION - NO CONTROLADO
Término no controlado INSTRUCCION DE LA LECTURA
653 0# - TERMINO DE INDIZACION - NO CONTROLADO
Término no controlado PROCESOS DE APRENDIZAJES
653 0# - TERMINO DE INDIZACION - NO CONTROLADO
Término no controlado RELACION MAESTRO-ESTUDIANTE
904 ## - ELEMENTOS DE DATOS D LOCAL, LDD (RLIN)
a AC
b 023159
905 ## - TIPO DE MATERIAL
Tipo de material Articulo

No items available.